Southville International School and Colleges
Your cart is empty.
  • Cart
  • Lists
    Public lists Eva Luna New books Lux_list list_1
    Your lists Log in to create your own lists
  • Log in to your account
  • Your cookies
  • Search history
Southville International School and Colleges
  • Advanced search
  • Recent comments
  • Most popular
  • Libraries

Log in to your account

Log in with GOOGLE


If you do not have an external account, but do have a local account, you can still log in:

  1. Home
  2. MARC view: Paddington helps out /
Normal view MARC view ISBD view

Paddington helps out / (Record no. 807)

[ view plain ]
MARC details
000 -LEADER
fixed length control field 00769cam a22002771a 4500
001 - CONTROL NUMBER
control field 7497915
003 - CONTROL NUMBER IDENTIFIER
control field OSt
005 - DATE AND TIME OF LATEST TRANSACTION
control field 20140310181641.0
008 - FIXED-LENGTH DATA ELEMENTS--GENERAL INFORMATION
fixed length control field 880413s1960 enka j 000 1 eng
010 ## - LIBRARY OF CONGRESS CONTROL NUMBER
LC control number 61037809
015 ## - NATIONAL BIBLIOGRAPHY NUMBER
National bibliography number GB60-13047
020 ## - INTERNATIONAL STANDARD BOOK NUMBER
International Standard Book Number 0440468027
035 ## - SYSTEM CONTROL NUMBER
System control number (OCoLC)17784935
040 ## - CATALOGING SOURCE
Original cataloging agency DLC
Transcribing agency MoU-St
Modifying agency Uk
-- DLC
042 ## - AUTHENTICATION CODE
Authentication code premarc
050 00 - LIBRARY OF CONGRESS CALL NUMBER
Classification number PZ 7
Item number .B711 1960
082 ## - DEWEY DECIMAL CLASSIFICATION NUMBER
Classification number KF
Item number B64p 1960
100 1# - MAIN ENTRY--PERSONAL NAME
Personal name Bond, Michael.
9 (RLIN) 5153
245 10 - TITLE STATEMENT
Title Paddington helps out /
Statement of responsibility, etc by Michael Bond ; with drawings by Peggy Fortnum.
260 ## - PUBLICATION, DISTRIBUTION, ETC. (IMPRINT)
Place of publication, distribution, etc New York :
Name of publisher, distributor, etc Dell Publishing Co. Inc,
Date of publication, distribution, etc c1960.
300 ## - PHYSICAL DESCRIPTION
Extent 127 p. :
Other physical details ill. ;
Dimensions 21 cm.
541 ## - IMMEDIATE SOURCE OF ACQUISITION NOTE
-- 1
562 ## - COPY AND VERSION IDENTIFICATION NOTE
Number of copies 1
906 ## - LOCAL DATA ELEMENT F, LDF (RLIN)
a 7
b cbc
c oclcrpl
d u
e ncip
f 19
g y-gencatlg
942 ## - ADDED ENTRY ELEMENTS (KOHA)
Source of classification or shelving scheme Library of Congress Classification
Koha item type
Call number prefix
Holdings
Withdrawn status Lost status Source of classification or shelving scheme Damaged status Home library Current library Shelving location Date acquired Total Checkouts Full call number Barcode Date last seen Copy number Price effective from Koha item type
    Library of Congress Classification   Luxembourg Library Luxembourg Library Kids Fiction Section     PZ 7 .B711 1960 4464 05/27/2015 1   Books

Paddington helps out /

APA

Bond M., . (1960). Paddington helps out. New York: Dell Publishing Co. Inc.

Chicago

Bond Michael, . 1960. Paddington helps out. New York: Dell Publishing Co. Inc.

Harvard

Bond M., . (1960). Paddington helps out. New York: Dell Publishing Co. Inc.

MLA

Bond Michael, . Paddington helps out. New York: Dell Publishing Co. Inc. 1960.

  • Place hold
  • Print
  • Cite
  • Add to your cart (remove)
  • Save record
    BIBTEX Dublin Core MARCXML MARC (non-Unicode/MARC-8) MARC (Unicode/UTF-8) MARC (Unicode/UTF-8, Standard) MODS (XML) RIS
  • More searches
    Search for this title in:
    Other Libraries (WorldCat) Other Databases (Google Scholar) Online Stores (Bookfinder.com) Open Library (openlibrary.org)

Exporting to Dublin Core...

SOUTHVILLE LIBRARY

Southville International School and Colleges Library

1281 Tropical Ave. Cor. Luxembourg St., BF Homes International, Las Pinas City

Tel. No. 8256374 / 252358 Loc. 117/146

Powered by Koha